000 00611nam a2200229Ia 4500
003 OSt
005 20220923230744.0
006 a|||||r|||| 00| 0
007 ta
008 Pun
024 _a305,316
037 _cTextual
040 _aARTS
_cARTS
_bPun
041 _2Pun
_aPun
082 _aV2:51wN, 153N8
100 _aਗਿੱਲ, ਐਮ. ਐਮ.
_9159218
245 0 _aਧਰਤੀ ਦੇ ਅਨਮੋਲ ਰਤਨ
260 _c1998
650 _aਭਾਰਤੀਯ ਇਤਿਹਾਸ
942 _hV2:51wN, 153N8
_cTEXL
_2CC
999 _c387119
_d387119